000 00380 a2200169 4500
001 183417
020 _a85-359-0310-0
040 _cMagnum
100 _aBlock, Lawrence
240 1 0 _aOs pecados dos pais
_lpor
245 1 0 _aOs pecados dos pais
300 _a165
362 0 _a2002
440 1 _aCompanhia das Letras
697 _aLITERATURA GERAL ESTRANGEIRA
942 _cBK
999 _c183417
_d183417